[Event "36th ECC Open 2021"]
[Site "Struga MKD"]
[Date "2021.09.18"]
[Round "1.14"]
[Board "5"]
[White "Hestvik, Elias"]
[Black "Hautot, Stephane"]
[Result "0-1"]
[BlackTitle "IM"]
[WhiteElo "1860"]
[BlackElo "2329"]
[WhiteTeam "Baerum Schakselskap"]
[BlackTeam "Schachfreunde Wirtzfeld"]
[WhiteFideId "1534904"]
[BlackFideId "202282"]
[EventDate "2021.09.18"]
[EventType "team"]

1. e4 d6 2. Nf3 Nf6 3. Nc3 e5 4. d4 Nbd7 5. Bc4 Be7 6. O-O O-O 7. Qe2 c6 8. dxe5
dxe5 9. a4 a5 10. b3 Qc7 11. Ba3 Bxa3 12. Rxa3 Nc5 13. Raa1 Qe7 14. Rfd1 Nfd7
15. Nd2 Nb6 16. Bd3 Ne6 17. Nc4 Nd4 18. Qd2 Nxc4 19. Bxc4 Rd8 20. Bd3 Bg4 21.
Re1 Qb4 22. Re3 Ne2+ 23. Rxe2 Bxe2 24. Qxe2 Qxc3 25. Rf1 Rd6 26. f4 exf4 27.
Rxf4 Rf6 28. Rf2 Qc5 29. Kf1 Rxf2+ 30. Qxf2 Qxf2+ 31. Kxf2 Kf8 32. Ke3 Ke7 33.
h4 Kd6 34. Kf4 Re8 35. g4 f6 36. h5 Re5 37. c3 b5 38. axb5 cxb5 39. Bc2 Rc5 0-1

[Event "36th ECC Open 2021"]
[Site "Struga MKD"]
[Date "2021.09.18"]
[Round "1.14"]
[Board "6"]
[White "Dardha, Arben"]
[Black "Bjugn, Gisle"]
[Result "1-0"]
[WhiteTitle "FM"]
[WhiteElo "2253"]
[BlackElo "1867"]
[WhiteTeam "Schachfreunde Wirtzfeld"]
[BlackTeam "Baerum Schakselskap"]
[WhiteFideId "4700481"]
[BlackFideId "1516752"]
[EventDate "2021.09.18"]
[EventType "team"]

1. Nf3 d5 2. d4 Bf5 3. c4 e6 4. Nc3 Nc6 5. Bf4 Bb4 6. cxd5 exd5 7. e3 Nf6 8. Bb5
O-O 9. O-O Ne7 10. Rc1 c6 11. Be2 Ng6 12. Bg3 Ne4 13. Nxe4 Bxe4 14. Nd2 Bf5 15.
a3 Bd6 16. b4 a5 17. Qb3 axb4 18. axb4 Qe7 19. Bxd6 Qxd6 20. Ra1 b6 21. Qc3 Ne7
22. Ra3 Qg6 23. Rfa1 Rxa3 24. Rxa3 Bh3 25. Bf1 Rb8 26. Ra7 Kf8 27. b5 Bf5 28.
Qa3 Re8 29. Nf3 cxb5 30. Bxb5 Bg4 31. Qxe7+ 1-0

[Event "36th ECC Open 2021"]
[Site "Struga MKD"]
[Date "2021.09.18"]
[Round "1.15"]
[Board "1"]
[White "Markoja, Boris"]
[Black "Cumming, Rhys"]
[Result "1-0"]
[WhiteTitle "IM"]
[BlackTitle "FM"]
[WhiteElo "2453"]
[BlackElo "2361"]
[WhiteTeam "Maribor Poligram"]
[BlackTeam "Sussex Martlets"]
[WhiteFideId "14608502"]
[BlackFideId "470163"]
[EventDate "2021.09.18"]
[EventType "team"]

1. d4 Nf6 2. c4 g6 3. Nc3 d5 4. cxd5 Nxd5 5. e4 Nxc3 6. bxc3 Bg7 7. Nf3 c5 8.
Bb5+ Nc6 9. Rb1 O-O 10. d5 Na5 11. O-O f5 12. e5 f4 13. Re1 Bg4 14. h3 Bh5 15.
Ba3 b6 16. Qd3 Rf5 17. d6 e6 18. d7 Bxf3 19. Qxf3 a6 20. Bd3 Rf7 21. Rxb6 Rxd7
22. Rxa6 Rxa6 23. Bxa6 Qb6 24. Bf1 Nc6 25. Qxf4 Qa5 26. Qc4 Rd5 27. Qb3 Nd4 28.
Qb2 Bxe5 29. Rxe5 Rxe5 30. Qb8+ Kf7 31. Qxe5 Qxc3 32. Qxc5 1-0

[Event "36th ECC Open 2021"]
[Site "Struga MKD"]
[Date "2021.09.18"]
[Round "1.15"]
[Board "2"]
[White "Payne, Matthew J"]
[Black "Subelj, Jan"]
[Result "0-1"]
[BlackTitle "IM"]
[WhiteElo "2150"]
[BlackElo "2415"]
[WhiteTeam "Sussex Martlets"]
[BlackTeam "Maribor Poligram"]
[WhiteFideId "417084"]
[BlackFideId "14618583"]
[EventDate "2021.09.18"]
[EventType "team"]

1. e4 c5 2. Nc3 e6 3. f4 d5 4. Nf3 dxe4 5. Nxe4 Nc6 6. Bb5 Bd7 7. O-O Be7 8. d3
Nh6 9. Qe2 O-O 10. c3 Rc8 11. Bxc6 Bxc6 12. Ne5 Be8 13. Ng5 Qd5 14. c4 Qd6 15.
Qe4 Nf5 16. Qxb7 Rc7 17. Qe4 f6 18. g4 fxe5 19. gxf5 Bxg5 20. fxg5 Bc6 21. Qg4
exf5 22. Qh3 f4 23. Bd2 e4 24. Rae1 Rcf7 25. Rf2 e3 26. Bxe3 fxe3 27. Rxf7 Rxf7
28. Rxe3 Qf4 0-1

[Event "36th ECC Open 2021"]
[Site "Struga MKD"]
[Date "2021.09.18"]
[Round "1.15"]
[Board "3"]
[White "Skuhala, Jernej"]
[Black "Bucher, Grant W"]
[Result "1-0"]
[WhiteTitle "FM"]
[WhiteElo "2351"]
[BlackElo "2114"]
[WhiteTeam "Maribor Poligram"]
[BlackTeam "Sussex Martlets"]
[WhiteFideId "14605651"]
[BlackFideId "413810"]
[EventDate "2021.09.18"]
[EventType "team"]

1. e4 e5 2. Nf3 Nc6 3. Bb5 a6 4. Ba4 Nf6 5. O-O Bc5 6. Bxc6 dxc6 7. Nxe5 Nxe4 8.
Qe2 Qd5 9. d4 Bxd4 10. Nf3 Bf5 11. c4 Qd7 12. Nxd4 Qxd4 13. Rd1 Qe5 14. f3 Qe6
15. Re1 O-O 16. fxe4 Bg4 17. Qf1 f5 18. exf5 Qd6 19. Qf4 Rae8 20. Rxe8 Rxe8 21.
Qxd6 cxd6 22. Bd2 1-0

[Event "36th ECC Open 2021"]
[Site "Struga MKD"]
[Date "2021.09.18"]
[Round "1.15"]
[Board "4"]
[White "Grant, David J"]
[Black "Buzeti, Jernej"]
[Result "0-1"]
[BlackTitle "FM"]
[WhiteElo "2074"]
[BlackElo "2236"]
[WhiteTeam "Sussex Martlets"]
[BlackTeam "Maribor Poligram"]
[WhiteFideId "403717"]
[BlackFideId "14604477"]
[EventDate "2021.09.18"]
[EventType "team"]

1. d4 d5 2. c4 c6 3. cxd5 cxd5 4. Bg5 h6 5. Bh4 Qb6 6. Nc3 e6 7. Qd2 Nc6 8. e3
Bd6 9. Bd3 Nge7 10. f4 Bd7 11. Nf3 O-O 12. O-O Rac8 13. Ne5 Be8 14. Rac1 f6 15.
Nf3 Na5 16. f5 Bb4 17. e4 dxe4 18. Bxe4 exf5 19. Bb1 Bf7 20. Bf2 Nc4 21. Qe2
Rfe8 22. d5 Qa5 23. a3 Bd6 24. b4 Qxa3 25. Nb5 Qxb4 26. Nxa7 Rc7 27. Nd4 Nxd5
28. Qd3 Nce3 29. Nf3 Rxc1 30. Rxc1 Ng4 31. Qxf5 Qf4 32. Qh7+ Kf8 33. Qh8+ Bg8
34. Rc2 Nxh2 35. Nxh2 Qxh2+ 36. Kf1 Qh1+ 37. Bg1 Ne3+ 38. Kf2 Nxc2 0-1

[Event "36th ECC Open 2021"]
[Site "Struga MKD"]
[Date "2021.09.18"]
[Round "1.15"]
[Board "5"]
[White "Bratkovic, Sham"]
[Black "Blake, J Morgan"]
[Result "1-0"]
[WhiteElo "2213"]
[BlackElo "2006"]
[WhiteTeam "Maribor Poligram"]
[BlackTeam "Sussex Martlets"]
[WhiteFideId "14608715"]
[BlackFideId "423394"]
[EventDate "2021.09.18"]
[EventType "team"]

1. d4 d5 2. c4 e6 3. Nc3 a6 4. cxd5 exd5 5. Nf3 Nf6 6. Bg5 c6 7. Qc2 Be7 8. e3
Nbd7 9. Bd3 O-O 10. h3 Re8 11. O-O Nf8 12. Rad1 Ne4 13. Bf4 f5 14. Ne5 Bg5 15.
Ne2 Bxf4 16. Nxf4 Nd7 17. Nf3 Qf6 18. b4 g5 19. Ne2 b5 20. a3 Nb6 21. Ne5 Nc4
22. Bxc4 bxc4 23. Nc3 a5 24. Nxe4 fxe4 25. f4 axb4 26. axb4 Ra3 27. Qe2 Rb3 28.
Qh5 Qe7 29. fxg5 Rf8 30. Rxf8+ 1-0

[Event "36th ECC Open 2021"]
[Site "Struga MKD"]
[Date "2021.09.18"]
[Round "1.15"]
[Board "6"]
[White "Walker, Samuel A"]
[Black "Kalin, Andrei"]
[Result "1-0"]
[WhiteElo "2048"]
[BlackElo "1433"]
[WhiteTeam "Sussex Martlets"]
[BlackTeam "Maribor Poligram"]
[WhiteFideId "412813"]
[BlackFideId "15006948"]
[EventDate "2021.09.18"]
[EventType "team"]

1. c4 e6 2. g3 d5 3. Bg2 Nf6 4. Nf3 Bd6 5. O-O O-O 6. d4 c6 7. Nc3 Nbd7 8. Bf4
Bxf4 9. gxf4 dxc4 10. e3 Nd5 11. a4 Nxc3 12. bxc3 Qa5 13. Qc2 Nf6 14. Ne5 Nd5
15. Rfc1 Qc7 16. a5 Bd7 17. Qa4 f6 18. Nxd7 Qxd7 19. Qxc4 b5 20. Qc5 Rac8 21. c4
Ne7 22. a6 Rb8 23. cxb5 cxb5 24. Bb7 Nd5 25. Qxa7 Qf7 26. Kh1 Qh5 27. Rg1 Qf3+
28. Rg2 g5 29. Qc5 h5 30. a7 Rxb7 31. Qxf8+ Kxf8 32. a8=Q+ Kg7 33. Qxb7+ Kg6 34.
Qxb5 h4 35. Kg1 Nxe3 36. Qd3+ Kg7 37. Qxe3 Qb7 38. Re1 Qd5 39. Qxe6 1-0

[Event "36th ECC Open 2021"]
[Site "Struga MKD"]
[Date "2021.09.18"]
[Round "1.16"]
[Board "1"]
[White "Cramling, Dan"]
[Black "Nevednichy, Vladislav"]
[Result "0-1"]
[WhiteTitle "IM"]
[BlackTitle "GM"]
[WhiteElo "2292"]
[BlackElo "2498"]
[WhiteTeam "Wasa SK"]
[BlackTeam "Gambit Asseko SEE"]
[WhiteFideId "1700162"]
[BlackFideId "1205730"]
[EventDate "2021.09.18"]
[EventType "team"]

1. d4 Nf6 2. c4 e6 3. Nc3 d5 4. cxd5 exd5 5. Bg5 c6 6. e3 Bd6 7. Qc2 O-O 8. Bd3
h6 9. Bh4 Re8 10. Nge2 Nbd7 11. Bg3 Nf8 12. O-O h5 13. h3 Bxg3 14. Nxg3 h4 15.
Nh1 Qe7 16. Rae1 Bd7 17. f3 c5 18. dxc5 Qxc5 19. Qf2 Qb6 20. Re2 d4 21. Ne4 dxe3
22. Qxe3 Qxe3+ 23. Rxe3 Nd5 24. Ree1 Nf4 25. Bc4 Be6 26. Bxe6 Rxe6 27. Kh2 Rg6
28. Rg1 Rc8 29. Nc3 Rb6 30. Nd1 N8e6 31. Nhf2 Rc2 32. Re3 Rd6 33. Rc3 Rxc3 34.
Nxc3 Rd2 35. Ncd1 Re2 36. g3 Nd3 0-1

[Event "36th ECC Open 2021"]
[Site "Struga MKD"]
[Date "2021.09.18"]
[Round "1.16"]
[Board "2"]
[White "Nikolovski, Nikola"]
[Black "Nordstrom, Felix"]
[Result "1-0"]
[WhiteTitle "IM"]
[BlackTitle "FM"]
[WhiteElo "2409"]
[BlackElo "2083"]
[WhiteTeam "Gambit Asseko SEE"]
[BlackTeam "Wasa SK"]
[WhiteFideId "15002314"]
[BlackFideId "1701509"]
[EventDate "2021.09.18"]
[EventType "team"]

1. e4 e6 2. Qe2 d5 3. exd5 Qxd5 4. Nc3 Qd8 5. g3 Nf6 6. Bg2 Be7 7. Nf3 c5 8. Ne5
O-O 9. d3 Nbd7 10. Nc4 Nb6 11. O-O Nbd5 12. a4 Bd7 13. Ne5 Rc8 14. Re1 Rc7 15.
Nb5 Bxb5 16. axb5 b6 17. Bd2 Bd6 18. Nc6 Qd7 19. c4 Ne7 20. Bc3 Nxc6 21. Bxc6
Qe7 22. h4 Rd8 23. Ra6 Rcc8 24. Rea1 Bb8 25. Qd2 Ne8 26. b4 Qd6 27. Rd1 cxb4 28.
Bxb4 Qe5 29. d4 Qf6 30. Bc3 e5 31. Qe3 Rxc6 32. bxc6 Qxc6 33. Qe2 exd4 34. Rxd4
Rxd4 35. Bxd4 Nc7 36. Ra3 Ne6 37. Bb2 a5 38. Re3 h6 39. Qg4 Kf8 40. Ba3+ Kg8 41.
Bb2 Kf8 42. Qf5 Bc7 43. Qh7 f6 44. Qh8+ Kf7 45. Qc8 Nf8 46. Ba3 Ng6 47. Bd6 1-0

[Event "36th ECC Open 2021"]
[Site "Struga MKD"]
[Date "2021.09.18"]
[Round "1.16"]
[Board "3"]
[White "Wenzel, Birger"]
[Black "Risteski, Emil"]
[Result "0-1"]
[BlackTitle "FM"]
[WhiteElo "1974"]
[BlackElo "2320"]
[WhiteTeam "Wasa SK"]
[BlackTeam "Gambit Asseko SEE"]
[WhiteFideId "4657497"]
[BlackFideId "15005267"]
[EventDate "2021.09.18"]
[EventType "team"]

1. d4 Nf6 2. Bg5 d5 3. Bxf6 gxf6 4. e3 c5 5. dxc5 Nc6 6. Nf3 e5 7. c4 d4 8. exd4
e4 9. Nfd2 Qxd4 10. Nc3 Bf5 11. Qe2 O-O-O 12. Nb3 Qe5 13. Nd5 Be6 14. g3 Bxd5
15. cxd5 Rxd5 16. Bg2 f5 17. O-O Bxc5 18. Nxc5 Rxc5 19. Rac1 Rd5 20. Rc3 Kb8 21.
Rfc1 Re8 22. Qc4 Qe6 23. a3 Rd2 24. Qb5 Nd4 0-1

[Event "36th ECC Open 2021"]
[Site "Struga MKD"]
[Date "2021.09.18"]
[Round "1.16"]
[Board "4"]
[White "Podlesnik, Bogdan"]
[Black "Andric, Jelena"]
[Result "1-0"]
[WhiteTitle "IM"]
[BlackTitle "WFM"]
[WhiteElo "2327"]
[BlackElo "2056"]
[WhiteTeam "Gambit Asseko SEE"]
[BlackTeam "Wasa SK"]
[WhiteFideId "14600129"]
[BlackFideId "919853"]
[EventDate "2021.09.18"]
[EventType "team"]

1. e4 c5 2. Nc3 Nc6 3. Nf3 g6 4. d4 cxd4 5. Nxd4 Bg7 6. Be3 Nf6 7. Be2 d6 8. O-O
O-O 9. f4 a6 10. a4 Qc7 11. Nb3 Be6 12. a5 Bxb3 13. cxb3 Nd7 14. Nd5 Qd8 15. Nb6
Nxb6 16. Bxb6 Qd7 17. e5 d5 18. Qd2 f6 19. exf6 Bxf6 20. Rad1 e6 21. b4 Qg7 22.
Bg4 Bxb2 23. Bxe6+ Kh8 24. Bxd5 Bc3 25. Qc1 Nd4 26. Kh1 Ne2 27. Qe3 Rae8 28. Be4
Rf6 29. Qxe2 Rfe6 30. Rd8 Rxd8 31. Bxd8 Qd4 32. Qc2 Rxe4 33. Bf6+ Qxf6 34. Qxe4
Qd6 35. Rb1 Qd2 36. f5 gxf5 37. Qxf5 Bxb4 38. Qc8+ 1-0

[Event "36th ECC Open 2021"]
[Site "Struga MKD"]
[Date "2021.09.18"]
[Round "1.16"]
[Board "5"]
[White "Eriksson, Lennarth"]
[Black "Zlatkov, Anton"]
[Result "1/2-1/2"]
[WhiteElo "1941"]
[BlackElo "2132"]
[WhiteTeam "Wasa SK"]
[BlackTeam "Gambit Asseko SEE"]
[WhiteFideId "1707736"]
[BlackFideId "15005402"]
[EventDate "2021.09.18"]
[EventType "team"]

1. Nf3 Nf6 2. d4 g6 3. Bf4 Bg7 4. Nc3 d5 5. e3 a6 6. h3 O-O 7. Bd3 c5 8. a4 Nc6
9. Rb1 Qa5 10. O-O c4 11. Be2 Bd7 12. Ne5 Rfd8 13. Bf3 Nb4 14. g4 Bc6 15. Qd2
Na2 16. Nxc6 bxc6 17. b4 cxb3 18. Rxb3 c5 19. Ne4 Qxd2 20. Nxd2 c4 21. Rb7 Nc3
22. Ra1 Nfe4 23. Nf1 e6 24. Bxe4 Nxe4 25. f3 Nc5 26. Rc7 Nd7 27. Rb1 e5 28. dxe5
Nxe5 29. Kg2 Rac8 30. Rxc8 Rxc8 31. Rb6 Nc6 32. Ng3 d4 33. Ne4 d3 34. cxd3 c3
35. Nd6 c2 36. e4 Rc7 37. Ne8 Rc8 38. Nd6 Rc7 39. Ne8 Rc8 40. Nd6 1/2-1/2

[Event "36th ECC Open 2021"]
[Site "Struga MKD"]
[Date "2021.09.18"]
[Round "1.16"]
[Board "6"]
[White "Andonovski, Ljubisa"]
[Black "Minovski, Gjorgji"]
[Result "1-0"]
[WhiteTitle "FM"]
[WhiteElo "2252"]
[BlackElo "1917"]
[WhiteTeam "Gambit Asseko SEE"]
[BlackTeam "Wasa SK"]
[WhiteFideId "15000427"]
[BlackFideId "15003205"]
[EventDate "2021.09.18"]
[EventType "team"]

1. d4 e6 2. c4 d5 3. Nf3 Nf6 4. g3 Be7 5. Bg2 O-O 6. O-O b6 7. cxd5 exd5 8. Nc3
Bb7 9. Ne5 Nbd7 10. Qb3 Nxe5 11. dxe5 Ne4 12. Rd1 Nxc3 13. bxc3 c5 14. Bxd5 Qc7
15. Bf4 Bxd5 16. Rxd5 Qc6 17. c4 Rad8 18. Rad1 h6 19. R1d3 g5 20. Bc1 Qe6 21.
Bb2 Qg4 22. Qd1 Qc8 23. e4 b5 24. cxb5 c4 25. Rf3 Qg4 26. Qe2 Rc8 27. Bc3 h5 28.
Kg2 Kh7 29. h3 Qe6 30. Rf5 Qg6 31. Rd7 Rfe8 32. Rxa7 h4 33. Ra6 Qg7 34. Qh5+ Kg8
35. Rh6 Bb4 36. Bxb4 Rxe5 37. Rh8+ Qxh8 38. Qxg5+ Qg7 39. Rxe5 c3 40. Bxc3 f6
41. Qxg7+ Kxg7 1-0

[Event "36th ECC Open 2021"]
[Site "Struga MKD"]
[Date "2021.09.18"]
[Round "1.17"]
[Board "2"]
[White "Diermair, Andreas"]
[Black "Dudin, Gleb"]
[Result "1-0"]
[WhiteTitle "GM"]
[BlackTitle "IM"]
[WhiteElo "2480"]
[BlackElo "2434"]
[WhiteTeam "SV Raika Rapid Feffernitz"]
[BlackTeam "Prilep"]
[WhiteFideId "1612468"]
[BlackFideId "34184934"]
[EventDate "2021.09.18"]
[EventType "team"]

1. d4 d5 2. c4 c6 3. Nf3 Nf6 4. Nc3 dxc4 5. a4 Bf5 6. Nh4 e6 7. Nxf5 exf5 8. e3
Bd6 9. Bxc4 O-O 10. Qf3 g6 11. h3 Qe7 12. g4 c5 13. d5 f4 14. O-O fxe3 15. Qxe3
Qxe3 16. Bxe3 Nbd7 17. Nb5 Be5 18. f4 Bb8 19. a5 a6 20. Nc3 Re8 21. Kf2 Ne4+ 22.
Kf3 Nd6 23. Bb3 Ba7 24. Bf2 Kf8 25. Ba4 Re7 26. Bh4 f6 27. Rae1 Rae8 28. Re6 Bb8
29. Rfe1 g5 30. Bxd7 Rxd7 31. Rxf6+ Nf7 32. fxg5 Rxe1 33. Bxe1 Be5 34. Rf5 Kg7
35. h4 Bd4 36. Bg3 Re7 37. Ne4 c4 38. d6 Rd7 39. Rd5 Bxb2 40. Nc5 1-0

[Event "36th ECC Open 2021"]
[Site "Struga MKD"]
[Date "2021.09.18"]
[Round "1.17"]
[Board "3"]
[White "Boskovic, Drasko"]
[Black "Pacher, Simon"]
[Result "1/2-1/2"]
[WhiteTitle "IM"]
[WhiteElo "2457"]
[BlackElo "1992"]
[WhiteTeam "Prilep"]
[BlackTeam "SV Raika Rapid Feffernitz"]
[WhiteFideId "927368"]
[BlackFideId "1621084"]
[EventDate "2021.09.18"]
[EventType "team"]

1. e4 e5 2. Nf3 Nc6 3. g3 Nf6 4. d3 Bc5 5. Bg2 d6 6. O-O O-O 7. c3 a6 8. Re1 Ba7
9. Na3 Ne7 10. Nc2 Ng6 11. Be3 Re8 12. h3 c6 13. Bxa7 Rxa7 14. d4 Be6 15. a4 h6
16. Qd2 Ra8 17. a5 Qc7 18. Kh2 Rad8 19. Qe2 Bc8 20. dxe5 dxe5 21. Nd2 Be6 22.
Nc4 Bxc4 23. Qxc4 Rd2 24. Re2 Red8 25. Bf3 h5 26. h4 R8d7 27. b4 Qd8 28. Rae1
R2d3 29. Kg2 Ng4 30. Ne3 Nf4+ 31. gxf4 exf4 32. e5 fxe3 33. Bxg4 hxg4 34. e6
fxe6 35. Rxe3 Rxe3 36. Rxe3 Qxh4 37. Qxe6+ Rf7 38. Rg3 Qf6 39. Qxf6 Rxf6 40.
Rxg4 Kf7 1/2-1/2

[Event "36th ECC Open 2021"]
[Site "Struga MKD"]
[Date "2021.09.18"]
[Round "1.17"]
[Board "4"]
[White "Loescher, Leon"]
[Black "Tadic, Stefan"]
[Result "0-1"]
[BlackTitle "IM"]
[WhiteElo "1847"]
[BlackElo "2339"]
[WhiteTeam "SV Raika Rapid Feffernitz"]
[BlackTeam "Prilep"]
[WhiteFideId "1623915"]
[BlackFideId "958980"]
[EventDate "2021.09.18"]
[EventType "team"]

1. d4 Nf6 2. c4 c5 3. d5 b5 4. cxb5 a6 5. bxa6 Bxa6 6. Nc3 g6 7. e4 Bxf1 8. Kxf1
d6 9. Nf3 Bg7 10. Qe2 O-O 11. g3 Na6 12. a4 e6 13. Kg2 exd5 14. exd5 Nb4 15. Rd1
Re8 16. Qc4 h6 17. h4 Nd7 18. Nb5 Nb6 19. Qb3 Re2 20. Ng1 Re4 21. f3 Rc4 22. Nc3
Na6 23. Bd2 Rb4 24. Qc2 Nc4 25. b3 Nxd2 26. Rxd2 c4 27. Rb1 Nc5 28. bxc4 Bxc3
29. Rdd1 Rxb1 30. Rxb1 Bg7 31. h5 Qf6 32. Ne2 Nxa4 33. hxg6 fxg6 34. Nf4 Nc3 35.
Rb2 Nxd5 0-1

[Event "36th ECC Open 2021"]
[Site "Struga MKD"]
[Date "2021.09.18"]
[Round "1.17"]
[Board "5"]
[White "Gotovusa, Goran"]
[Black "Tscharnuter, Noah"]
[Result "1/2-1/2"]
[WhiteElo "2161"]
[BlackElo "1897"]
[WhiteTeam "Prilep"]
[BlackTeam "SV Raika Rapid Feffernitz"]
[WhiteFideId "15002250"]
[BlackFideId "1636235"]
[EventDate "2021.09.18"]
[EventType "team"]

1. d4 Nf6 2. Nf3 e6 3. Nbd2 d5 4. e3 c5 5. c3 Nc6 6. Bd3 Be7 7. O-O O-O 8. Qe2
Re8 9. Ne5 Nxe5 10. dxe5 Nd7 11. f4 c4 12. Bc2 b5 13. Nf3 Qb6 14. Kh1 a5 15. e4
Bb7 16. Be3 Bc5 17. Bxc5 Qxc5 18. exd5 Bxd5 19. Bxh7+ Kxh7 20. Ng5+ Kg8 21. Qh5
Nf8 22. Qxf7+ Kh8 23. Qh5+ Kg8 24. Qf7+ 1/2-1/2

[Event "36th ECC Open 2021"]
[Site "Struga MKD"]
[Date "2021.09.18"]
[Round "1.17"]
[Board "6"]
[White "Valtiner, Adamo"]
[Black "Gjorgjieski, Dejan"]
[Result "0-1"]
[WhiteElo "1946"]
[BlackElo "2125"]
[WhiteTeam "SV Raika Rapid Feffernitz"]
[BlackTeam "Prilep"]
[WhiteFideId "1647962"]
[BlackFideId "15001229"]
[EventDate "2021.09.18"]
[EventType "team"]

1. e4 d6 2. c4 Nf6 3. Nc3 e5 4. Nge2 g6 5. g3 Bg7 6. Bg2 O-O 7. O-O Nc6 8. f4
Nd4 9. Nxd4 exd4 10. Ne2 Ng4 11. h3 d3 12. Nc3 Bd4+ 13. Kh1 Nf2+ 14. Rxf2 Bxf2
15. Qf3 Bd4 16. Qxd3 Bg7 17. Qe3 c6 18. d4 Re8 19. Qf2 f5 20. e5 dxe5 21. fxe5
c5 22. Bd5+ Be6 23. Bxe6+ Rxe6 24. d5 Rxe5 25. Bf4 Re8 26. Qxc5 Rc8 27. Qb4 g5
28. Bd2 Qc7 29. d6 Bxc3 30. dxc7 Bxb4 31. Bxb4 Rxc7 32. b3 Re2 33. Rf1 Rd7 34.
a3 Rd3 35. h4 g4 36. c5 Rxb3 37. Rd1 Kf7 38. Kg1 Rc2 39. Kf1 Rf3+ 40. Ke1 Rxg3
41. Rd7+ Ke8 42. Kd1 Kxd7 0-1

[Event "36th ECC Open 2021"]
[Site "Struga MKD"]
[Date "2021.09.18"]
[Round "1.18"]
[Board "1"]
[White "De Graaf, Dick"]
[Black "Atlas, Valery"]
[Result "0-1"]
[BlackTitle "IM"]
[WhiteElo "2076"]
[BlackElo "2426"]
[WhiteTeam "En Passant"]
[BlackTeam "Perfect"]
[WhiteFideId "1005677"]
[BlackFideId "12000035"]
[EventDate "2021.09.18"]
[EventType "team"]

1. e4 c5 2. Nf3 e6 3. d4 cxd4 4. Nxd4 Nf6 5. Nc3 d6 6. g4 h6 7. h4 Be7 8. Qf3
Nfd7 9. g5 Nc6 10. Nxc6 bxc6 11. Rg1 Bb7 12. Be3 hxg5 13. hxg5 g6 14. O-O-O Qa5
15. Qg3 O-O-O 16. Bd2 Qc7 17. f4 d5 18. exd5 exd5 19. Bg2 Bd6 20. Kb1 Kb8 21.
Rh1 Nb6 22. Bc1 Nc4 23. Rxh8 Rxh8 24. Bf1 Nb6 25. Bg2 Bc8 26. Ne2 Re8 27. Nd4
Bb7 28. Qf2 a6 29. Nf3 Nc4 30. Bf1 Qb6 31. Qxb6 Nxb6 32. Bd3 c5 33. Ne5 Re7 34.
Rh1 c4 35. Bf1 0-1

[Event "36th ECC Open 2021"]
[Site "Struga MKD"]
[Date "2021.09.18"]
[Round "1.18"]
[Board "2"]
[White "Korsunsky, Yuri"]
[Black "Van Twillert, Laurents"]
[Result "1-0"]
[WhiteTitle "IM"]
[BlackTitle "CM"]
[WhiteElo "2395"]
[BlackElo "2082"]
[WhiteTeam "Perfect"]
[BlackTeam "En Passant"]
[WhiteFideId "14102722"]
[BlackFideId "1009800"]
[EventDate "2021.09.18"]
[EventType "team"]

1. d4 d5 2. c4 c6 3. Nf3 Nf6 4. cxd5 cxd5 5. Nc3 e6 6. Bf4 Nc6 7. e3 Bb4 8. Bd3
h6 9. h3 a6 10. O-O O-O 11. Rc1 Bd7 12. Ne5 Nh7 13. Nxd7 Qxd7 14. Na4 Qe7 15. a3
Bd6 16. Bxd6 Qxd6 17. Nc5 Nd8 18. Qb3 Rb8 19. Qb4 b5 20. Nxa6 Qxb4 21. Nxb4 Nb7
22. Nc6 Ra8 23. Bxb5 Nd6 24. Bd3 Nf6 25. f3 Nd7 26. Ra1 Nb6 27. b3 f5 28. a4 g5
29. a5 Nbc8 30. b4 1-0

[Event "36th ECC Open 2021"]
[Site "Struga MKD"]
[Date "2021.09.18"]
[Round "1.18"]
[Board "3"]
[White "Reichardt, Robin"]
[Black "Gluhovsky, Mark"]
[Result "1-0"]
[WhiteElo "2051"]
[BlackElo "2275"]
[WhiteTeam "En Passant"]
[BlackTeam "Perfect"]
[WhiteFideId "1051067"]
[BlackFideId "24165514"]
[EventDate "2021.09.18"]
[EventType "team"]

1. d4 Nf6 2. Nf3 g6 3. c4 Bg7 4. Nc3 d6 5. e4 O-O 6. Be2 e5 7. O-O Nbd7 8. Be3
Re8 9. d5 Nh5 10. g3 Bf8 11. Ne1 Ng7 12. Nd3 f5 13. f3 Be7 14. Qd2 Nf6 15. c5
fxe4 16. fxe4 Ng4 17. Bxg4 Bxg4 18. Nf2 Bd7 19. c6 bxc6 20. dxc6 Be6 21. Nd5 Qc8
22. b4 a6 23. a4 Bd8 24. b5 Bxd5 25. Qxd5+ Qe6 26. Qxe6+ Nxe6 27. Nd3 axb5 28.
axb5 1-0

[Event "36th ECC Open 2021"]
[Site "Struga MKD"]
[Date "2021.09.18"]
[Round "1.18"]
[Board "4"]
[White "Slavin, Gennadie"]
[Black "Reichardt, Jasper"]
[Result "1-0"]
[WhiteElo "2264"]
[BlackElo "1977"]
[WhiteTeam "Perfect"]
[BlackTeam "En Passant"]
[WhiteFideId "4104870"]
[BlackFideId "1046578"]
[EventDate "2021.09.18"]
[EventType "team"]

1. e4 c5 2. Nf3 Nc6 3. c3 Nf6 4. d3 d5 5. Nbd2 Bg4 6. Be2 e6 7. O-O Be7 8. Ne1
Bxe2 9. Qxe2 O-O 10. f4 b5 11. f5 dxe4 12. Nxe4 Qd5 13. fxe6 Qxe6 14. Nxf6+ Bxf6
15. Qxe6 fxe6 16. Be3 Be7 17. Rxf8+ Kxf8 18. Nf3 Rd8 19. Rd1 c4 20. d4 Rd5 21.
Bf4 Bf6 22. Re1 Kf7 23. a3 a5 24. g4 g5 25. Bg3 Be7 26. Nd2 Bf6 27. Nf3 Be7 28.
Kf2 Bf6 29. Ke3 e5 30. Ke4 Ke6 31. dxe5 Be7 32. Re2 b4 33. axb4 axb4 34. Rd2 Rb5
35. Nd4+ Nxd4 36. cxd4 c3 37. bxc3 bxc3 38. Rc2 Rb3 39. d5+ Kd7 40. Kd4 Bb4 41.
Be1 Rb2 42. Kd3 Rb1 43. Bxc3 Bxc3 44. Rxc3 Rd1+ 45. Ke4 1-0